000
00321nam a2200121Ia 4500
008
240624s9999 xx 000 0 und d
041
_a
eng
082
_a
972 SCH
100
_a
SCHLESINGER STEPHEN
245
_a
BITTER FRUIT THE STORY OF THE AMERICAN C
260
_c
2005
_a
London
_b
Harvard University Press
365
_c
_b
25
999
_c
20211
_d
20211